000 00374nam a2200145Ia 4500
008 240624s9999 xx 000 0 und d
041 _aeng
082 _a006.7 BEN
100 _aBENNETT JAMES
245 _aDESIGN FUNDAMENTALS FOR NEW MEDIA
250 _a(2nd ed.)
260 _c2013
_aCanada
_bCengage Learning
300 _axvi, : 382 : p. : cm. ; 25
365 _cGBP
_b25
999 _c26655
_d26655